000 00773nam a22001937a 4500
005 20240703163656.0
010 _aENG-140743
020 _c2275.00
_a9788194737919
035 _aEN-124275
037 _bDBAD
082 _a666.5
100 _aTripathi, P.K.
_968075
245 _aHandbook on Gypsum and Gypsum based Products
_b(Mining, Processing, Transportation, Handling & Storage, Gypsum Board, Plaster of paris with Machinery & Equipment Details)
250 _aFirst
260 _aDelhi
_bNIIR PROJECT CONSULTANCY SERVICES
_c2022
270 _a106-E, Kamla Nagar,
_bDelhi
_e110007
_k+911123843955
_k+911123845886
_k+911123845654
_l+911123845886
_minfo@niir.org
_mnpcs.india@gmail.com
300 _axxi, 344p.
_c21cm (pb)
942 _2ddc
_cEN
_h666.8
_mTRI
999 _c203922
_d203922